|
|
|
|
| LEADER |
01195nam a2200289 a 4500 |
| 001 |
00025817 |
| 003 |
BD-DhAAL |
| 008 |
120826s2010 ko ab 000 0 mul d |
| 020 |
|
|
|a 9788955188073
|
| 020 |
|
|
|a 9788955188066 (set)
|
| 040 |
|
|
|a BD-DhAAL
|c BD-DhAAL
|
| 082 |
0 |
4 |
|a 495.782
|2 22
|
| 100 |
1 |
|
|a Yi, Yang-hye
|9 59413
|
| 245 |
1 |
0 |
|6 880-01
|a Swibgo jaemiissneun hangug-eo munbeob. 1 /
|c Yi Yang-hye, Yi Tong-yŏn, Yi Min-gyŏng kongjŏ.
|
| 246 |
2 |
|
|a Swipko chaemi innŭn Han'gugŏ munpŏp
|
| 246 |
2 |
|
|a Fun! easy!
|
| 260 |
|
|
|a Sŏul-si :
|b Language Plus,
|c 2010.
|
| 300 |
|
|
|a 271 p. :
|b ill. ;
|c 26 cm.
|
| 541 |
|
|
|a 00025817
|
| 650 |
|
0 |
|a Korean language
|x Grammar
|x Study and teaching
|v Textbooks for foreign speakers.
|9 59414
|
| 700 |
1 |
|
|a Yi, Tong-yŏn
|9 59415
|
| 700 |
1 |
|
|a Yi, Min-gyŏng kongjŏ
|9 59416
|
| 852 |
1 |
|
|a Ayesha Abed Library
|c General Stacks
|
| 880 |
|
|
|6 245-01
|a 쉽고 재미있는 한국어 문법. 1
|
| 942 |
|
|
|2 ddc
|c BK
|
| 999 |
|
|
|c 12771
|d 12771
|
| 952 |
|
|
|0 0
|1 0
|2 ddc
|4 0
|6 495_782000000000000_YIY
|7 0
|9 21030
|a BRACUL
|b BRACUL
|c GEN
|d 2012-08-28
|e BIL
|g 1217.60
|l 0
|o 495.782 YIY
|p 3010025817
|r 2012-08-28
|t 1
|w 2012-08-28
|y BK
|x Transferred from King Sejong Institute (BIL) to BRACUL on 11/10/23
|